000 00672nam a2200217 a 4500
001 000024200
005 20200930022813.0
008 110120s1982 mx r 000 0 spa d
020 _a9682311985
040 _aDO-SdBNP
_bspa
_cBNPHU
082 _axxxx
_bS689p
100 1 _aSologub, Fiodor
_949704
245 1 3 _aUn pequeño demonio /
_cFiodor Sologub ; traducción N. Tasin.
260 _aMéxico, D. F. :
_bCONAFE,
_c1982.
300 _a175 p. ;
_c18 cm.
490 1 _aDe la gran literatura
500 _aIncluye referencia biográfica del autor en la contracubierta.
700 1 _aTasin, N.,
_etr.
_949705
830 0 _aDe la gran literatura
_929430
049 _aBNGR
999 _c23694
_d23694